Best-Selling Albums in the U.S. by Year - Statistics

General Stats
  • This quiz has been taken 35 times
  • The average score is 27 of 70
Answer Stats
Year Artist Answer % Correct
1983 Michael Jackson Thriller
97%
1984 Michael Jackson Thriller
97%
2011 Adele 21
79%
2012 Adele 21
79%
1985 Bruce Springsteen Born in the U.S.A.
79%
1980 Pink Floyd The Wall
79%
1977 Fleetwood Mac Rumours
76%
2015 Adele 25
74%
2016 Adele 25
74%
1993 Whitney Houston (Soundtrack) The Bodyguard
71%
1994 Elton John (Soundtrack) The Lion King
71%
1978 Soundtrack / Bee Gees Saturday Night Fever
68%
1988 George Michael Faith
65%
1987 Bon Jovi Slippery When Wet
65%
2021 Adele 30
62%
1974 Elton John Goodbye Yellow Brick Road
62%
1968 The Jimi Hendrix Experience Are You Experienced?
56%
1970 Simon and Garfunkel Bridge over Troubled Water
53%
1997 Spice Girls Spice
53%
2023 Taylor Swift 1989 (Taylor's Version)
50%
1996 Alanis Morissette Jagged Little Pill
50%
2014 Taylor Swift 1989
47%
2002 Eminem The Eminem Show
47%
1986 Whitney Houston Whitney Houston
47%
2024 Taylor Swift The Tortured Poets Department
44%
1998 James Horner / Soundtrack Titanic
44%
1972 Neil Young Harvest
41%
2009 Taylor Swift Fearless
38%
1976 Peter Frampton Frampton Comes Alive
38%
2019 Taylor Swift Lover
38%
2017 Taylor Swift Reputation
38%
1991 Garth Brooks Ropin' the Wind / Mariah Carey
38%
1991 Mariah Carey Ropin' the Wind / Mariah Carey
38%
2020 Taylor Swift Folklore
35%
2001 Linkin Park Hybrid Theory
35%
1990 Janet Jackson Janet Jackson's Rhythm Nation 1814
35%
2022 Taylor Swift Midnights
35%
1962 Soundtrack West Side Story
35%
1963 Soundtrack West Side Story
35%
1982 Asia Asia
32%
2003 50 Cent Get Rich or Die Tryin'
32%
2010 Eminem Recovery
32%
2004 Usher Confessions
29%
1999 Backstreet Boys Millennium
29%
2005 Mariah Carey The Emancipation of Mimi
29%
1995 Hootie & the Blowfish Cracked Rear View
26%
2000 NSYNC No Strings Attached
26%
1979 Billy Joel 52nd Street
24%
1969 Iron Butterfly In-A-Gadda-Da-Vida
24%
2008 Lil Wayne Tha Carter III
24%
2013 Justin Timberlake The 20/20 Experience
24%
1966 Herb Alpert & The Tijuana Brass Whipped Cream & Other Delights
24%
1960 Original Broadway Cast The Sound of Music
21%
1975 Elton John Elton John's Greatest Hits
18%
2018 Various Artists The Greatest Showman
15%
2006 Various Artists High School Musical
12%
1957 Original Broadway Cast My Fair Lady
12%
1958 Original Broadway Cast My Fair Lady
12%
1992 Billy Ray Cyrus Some Gave All
12%
1956 Harry Belafonte Calypso
9%
1989 Bobby Brown Don't Be Cruel
9%
1964 Original Broadway Cast Hello, Dolly!
9%
1965 Soundtrack Mary Poppins
9%
2007 Josh Groban Noël
9%
1971 Various Artists Jesus Christ Superstar
6%
1967 The Monkees More of the Monkees
6%
1973 War The World Is a Ghetto
6%
1961 Original Broadway Cast Camelot
3%
1981 REO Speedwagon Hi Infedelity
3%
1959 Henry Mancini Music from Peter Gunn
3%
No matching quizzes found
Score Distribution
Percent of People with Each Score
Percentile by Number Answered
Your Score History
You have not taken this quiz